<?xml version="1.0" encoding="UTF-8"?>
<record
    xmlns:xsi="http://www.w3.org/2001/XMLSchema-instance"
    xsi:schemaLocation="http://www.loc.gov/MARC21/slim http://www.loc.gov/standards/marcxml/schema/MARC21slim.xsd"
    xmlns="http://www.loc.gov/MARC21/slim">

  <leader>01480cam a22003372u 4500</leader>
  <controlfield tag="001"> </controlfield>
  <controlfield tag="003">DO-SdBNP</controlfield>
  <controlfield tag="005">20220420124714.0</controlfield>
  <controlfield tag="008"> </controlfield>
  <datafield tag="020" ind1=" " ind2=" ">
    <subfield code="a">9788499087894</subfield>
  </datafield>
  <datafield tag="040" ind1=" " ind2=" ">
    <subfield code="a">BPMSU </subfield>
    <subfield code="b">spa</subfield>
    <subfield code="c">BPMSU </subfield>
  </datafield>
  <datafield tag="082" ind1=" " ind2=" ">
    <subfield code="a">894.35 </subfield>
    <subfield code="b">P186m 2011</subfield>
    <subfield code="2">22</subfield>
  </datafield>
  <datafield tag="100" ind1="1" ind2=" ">
    <subfield code="a">Pamuk, Orhan</subfield>
    <subfield code="d">1952-  </subfield>
    <subfield code="0"> </subfield>
  </datafield>
  <datafield tag="245" ind1="1" ind2="3">
    <subfield code="a">El museo de la inocencia /</subfield>
    <subfield code="c">Orhan Pamuk ; traducci&#xF3;n de Rafael Carpintero.</subfield>
  </datafield>
  <datafield tag="260" ind1=" " ind2=" ">
    <subfield code="a">Barcelona : </subfield>
    <subfield code="b">Mondadori,  </subfield>
    <subfield code="c">2011</subfield>
  </datafield>
  <datafield tag="300" ind1=" " ind2=" ">
    <subfield code="a">648 p. ;  </subfield>
    <subfield code="b">19 cm. </subfield>
  </datafield>
  <datafield tag="490" ind1="0" ind2=" ">
    <subfield code="a">Contempor&#xE1;nea </subfield>
  </datafield>
  <datafield tag="500" ind1=" " ind2=" ">
    <subfield code="a"> Incluye &#xED;ndice.</subfield>
  </datafield>
  <datafield tag="520" ind1=" " ind2=" ">
    <subfield code="a">El museo de la inocencia es un cat&#xE1;logo novelado en el que cada objeto es un instante de esa gran historia de amor. Es tambi&#xE9;n una visita guiada por los cambios que han convulsionado a la sociedad de Estambul desde los a&#xF1;os setenta hasta el d&#xED;a de hoy. Pero, sobre todo, es una exhibici&#xF3;n de talento a cargo de un escritor que, como su personaje, se ha dedicado durante los &#xFA;ltimos a&#xF1;os a construir un museo dedicado a una de las m&#xE1;s deslumbrantes historias de amor de la literatura contempor&#xE1;nea.</subfield>
  </datafield>
  <datafield tag="530" ind1=" " ind2=" ">
    <subfield code="a"> </subfield>
  </datafield>
  <datafield tag="534" ind1=" " ind2=" ">
    <subfield code="a">T&#xED;tulo original :</subfield>
    <subfield code="t">Masumiyet Muzesi.</subfield>
  </datafield>
  <datafield tag="586" ind1=" " ind2=" ">
    <subfield code="a">Premio Nobel de Literatura 2006</subfield>
  </datafield>
  <datafield tag="590" ind1=" " ind2=" ">
    <subfield code="6">Inventariado, 2022/VM</subfield>
  </datafield>
  <datafield tag="650" ind1=" " ind2="4">
    <subfield code="a">Novela turca.</subfield>
  </datafield>
  <datafield tag="651" ind1=" " ind2="4">
    <subfield code="a">Estambul (Turqu&#xED;a)</subfield>
    <subfield code="v">Novela.</subfield>
  </datafield>
  <datafield tag="653" ind1=" " ind2=" ">
    <subfield code="a">Ficci&#xF3;n moderna y contempor&#xE1;nea</subfield>
  </datafield>
  <datafield tag="653" ind1=" " ind2=" ">
    <subfield code="a">Narrativa rom&#xE1;ntica</subfield>
  </datafield>
  <datafield tag="700" ind1="1" ind2=" ">
    <subfield code="a">Carpintero Ortega, Rafael</subfield>
    <subfield code="d">1962-</subfield>
    <subfield code="e">traductor</subfield>
    <subfield code="4"> </subfield>
  </datafield>
  <datafield tag="910" ind1=" " ind2=" ">
    <subfield code="a">VMateo V. </subfield>
  </datafield>
  <datafield tag="942" ind1=" " ind2=" ">
    <subfield code="2">ddc</subfield>
    <subfield code="c">BK</subfield>
  </datafield>
  <datafield tag="952" ind1=" " ind2=" ">
    <subfield code="0">0</subfield>
    <subfield code="1">0</subfield>
    <subfield code="2">ddc</subfield>
    <subfield code="4">0</subfield>
    <subfield code="7">0</subfield>
    <subfield code="8">CG</subfield>
    <subfield code="a">BPMET</subfield>
    <subfield code="b">BPMET</subfield>
    <subfield code="d">2022-04-20</subfield>
    <subfield code="l">0</subfield>
    <subfield code="o">BPMSU CD 894.35  P186m 2011</subfield>
    <subfield code="p">BPMSU22040031</subfield>
    <subfield code="r">2022-04-20</subfield>
    <subfield code="w">2022-04-20</subfield>
    <subfield code="y">BK</subfield>
  </datafield>
  <datafield tag="999" ind1=" " ind2=" ">
    <subfield code="c">14156</subfield>
    <subfield code="d">14156</subfield>
  </datafield>
</record>
